Hệ thống văn bản hướng dẫn thực hiện Pháp lệnh quảng cáo

Na minha lista:
Detalhes bibliográficos
Formato: Livro
Idioma:Undetermined
Publicado em: Hà Nội Chính trị Quốc gia 2005
Assuntos:
Tags: Adicionar Tag
Sem tags, seja o primeiro a adicionar uma tag!
Thư viện lưu trữ: Trung tâm Học liệu Trường Đại học Cần Thơ
LEADER 00561nam a2200181Ia 4500
001 CTU_73819
008 210402s9999 xx 000 0 und d
020 |b 25000 
082 |a 343.597082 
082 |b H250 
245 0 |a Hệ thống văn bản hướng dẫn thực hiện Pháp lệnh quảng cáo 
260 |a Hà Nội 
260 |b Chính trị Quốc gia 
260 |c 2005 
650 |a Advertising laws,Commercial law 
650 |z Vietnam 
904 |i Năm, QHieu 
980 |a Trung tâm Học liệu Trường Đại học Cần Thơ